ბათუმის შოთა რუსთაველის სახელმწიფო უნივერსიტეტის ბიბლიოთეკა

Основы электроснабжения промишленных предприятий. (ბიბ.ჩანაწერი № 37258)

000 -LEADER
fixed length control field 00811nam a2200229Ia 4500
001 - CONTROL NUMBER
control field 3217
003 - CONTROL NUMBER IDENTIFIER
control field GE_BSU
008 - FIXED-LENGTH DATA ELEMENTS--GENERAL INFORMATION
fixed length control field 181216s||||||||xx |||||||||||||| ||und||
040 ## - CATALOGING SOURCE
Transcribing agency GE_BSU
080 ## - UNIVERSAL DECIMAL CLASSIFICATION NUMBER
Universal Decimal Classification number 621.32+658.26(075.8)
100 ## - MAIN ENTRY--PERSONAL NAME
Personal name Федоров,А.А. Каменева,В.В.
245 ## - TITLE STATEMENT
Title Основы электроснабжения промишленных предприятий.
245 ## - TITLE STATEMENT
Remainder of title Учебник для вузов.
245 ## - TITLE STATEMENT
Statement of responsibility, etc. Ред. изд. Л.В.Копейкина.
250 ## - EDITION STATEMENT
Edition statement Изд 4-ое, перераб. и доп.
260 ## - PUBLICATION, DISTRIBUTION, ETC.
Place of publication, distribution, etc. М.
260 ## - PUBLICATION, DISTRIBUTION, ETC.
Name of publisher, distributor, etc. Энергоатомиздат.
260 ## - PUBLICATION, DISTRIBUTION, ETC.
Date of publication, distribution, etc. 1984.
300 ## - PHYSICAL DESCRIPTION
Extent 472 стр. с илл. 21 см.
653 ## - INDEX TERM--UNCONTROLLED
Uncontrolled term Основы электроснабжения промишленных предприятий.
942 ## - ADDED ENTRY ELEMENTS (KOHA)
Koha item type წიგნი
ეგზემპლარები
Withdrawn status Lost status Damaged status Not for loan Date acquired Barcode Date last seen Price effective from Koha item type
        2018-12-17 8463 2018-12-17 2018-12-17 წიგნი
        2018-12-17 8464 2018-12-17 2018-12-17 წიგნი
        2018-12-17 8465 2018-12-17 2018-12-17 წიგნი
        2018-12-17 8466 2018-12-17 2018-12-17 წიგნი